El pueblo del sol /
Exposición sobre la mitología, las manifestaciones religiosas y la visión del universo de la antigua civilización azteca. El historiador y arqueólogo Alfonso Caso (1896-1970) publicó este trabajo, al que describía como un resumen del estado vigente del conocimiento sobre la religión de los antiguos...
Uloženo v:
| Hlavní autor: | |
|---|---|
| Další autoři: | |
| Médium: | Kniha |
| Jazyk: | španělština |
| Vydáno: |
México :
Fondo de Cultura Económica,
1953, c1953
|
| Témata: | |
| Tagy: |
Žádné tagy, Buďte první, kdo vytvoří štítek k tomuto záznamu!
|
MARC
| LEADER | 00000nam^a2200000^a^4500 | ||
|---|---|---|---|
| 001 | 000276976 | ||
| 005 | 20250526000000.0 | ||
| 009 | 20260310111319.846 | ||
| 037 | |a Acervo Xavier Clavigero | ||
| 041 | |a ESP | ||
| 082 | |a 972. 01 |b CAS | ||
| 100 | |a Caso, Alfonso |e (autor) | ||
| 240 | 1 | 4 | |a [La religión de los aztecas] |
| 245 | 1 | 3 | |a El pueblo del sol / |c A. Caso ; il. de M. Covarrubias. |
| 264 | 4 | |a México : |b Fondo de Cultura Económica, |c 1953, c1953 | |
| 300 | |a 125 p., XVI láminas. ; |c 27.5 cm. | ||
| 336 | |a texto |b txt |2 rdacontenido | ||
| 337 | |a sin mediación |b n |2 rdamedio | ||
| 338 | |a volumen |b nc |2 rdasoporte | ||
| 520 | |a Exposición sobre la mitología, las manifestaciones religiosas y la visión del universo de la antigua civilización azteca. El historiador y arqueólogo Alfonso Caso (1896-1970) publicó este trabajo, al que describía como un resumen del estado vigente del conocimiento sobre la religión de los antiguos aztecas, con un propósito de divulgación, primero con el título La religión de los aztecas (1936) y después en una versión ampliada, corregida e ilustrada por el artista Miguel Covarrubias (1904-1957), a la que rebautizó El pueblo del sol (1953). | ||
| 649 | |a XX | ||
| 650 | |a Aztecas - |x Historia - |x Tema Principal | ||
| 650 | |a Nahuas - |x Historia | ||
| 650 | |a Indígenas de México - |x Historia | ||
| 650 | |a Dioses | ||
| 650 | |a Mitología Azteca | ||
| 650 | |a Religión - |z México - |x Historia - |y Epoca Prehispánica - |x Tema Principal | ||
| 650 | |a Cosmovisión - |z México - |x Historia | ||
| 650 | |a Cosmogonía - |z México - |x Historia | ||
| 650 | |a México - |x Historia - |y Epoca Prehispánica | ||
| 700 | |a Covarrubias, Miguel |e (ilustración) | ||
| 910 | |a Fondo General | ||
| 920 | |a Impresos - Libros | ||
| 930 | |a Libros Antiguos y Raros | ||
| 905 | |a 108 | ||
| 901 | |a 023533 |b IT2 |c LRA |u 20250526 | ||
| 902 | |a https://opac.biblio.iteso.mx/vufind/Record/000276976 | ||